MARC details
| 000 -CABECERA |
| campo de control de longitud fija |
01003nam a2200253 a 4500 |
| 003 - IDENTIFICADOR DEL NÚMERO DE CONTROL |
| campo de control |
MX-MxUPN |
| 005 - FECHA Y HORA DE LA ÚLTIMA TRANSACCIÓN |
| campo de control |
20241001063849.0 |
| 008 - ELEMENTOS DE LONGITUD FIJA--INFORMACIÓN GENERAL |
| campo de control de longitud fija |
991125s1952 wau fr 000 0 spa d |
| 035 ## - NÚMERO DE CONTROL DEL SISTEMA |
| Número de control de sistema |
UPN01000018177 |
| 040 ## - FUENTE DE LA CATALOGACIÓN |
| Centro catalogador/agencia de origen |
MX-MxUPN |
| Lengua de catalogación |
spa |
| Centro/agencia transcriptor |
MX-MxUPN |
| 041 ## - CÓDIGO DE IDIOMA |
| Código de lengua del texto/banda sonora o título independiente |
spa |
| 050 #4 - SIGNATURA TOPOGRÁFICA DE LA BIBLIOTECA DEL CONGRESO |
| Número de clasificación |
LC1045 |
| Número de documento/Ítem |
R6.4 |
| 100 1# - ASIENTO PRINCIPAL--NOMBRE PERSONAL |
| Nombre de persona |
Romero, Fernando |
| 9 (RLIN) |
53204 |
| 100 1# - ASIENTO PRINCIPAL--NOMBRE PERSONAL |
| Nombre de persona |
Molinary, Samuel |
| 9 (RLIN) |
53202 |
| 245 13 - MENCIÓN DE TÍTULO |
| Título |
La educación vocacional en los Estados Unidos de Norteamérica : |
| Resto del título |
según la respuesta oficial, de la Oficina Federal de Educación, a la encuesta preliminar para las americas 1950 |
| 260 ## - PUBLICACIÓN, DISTRIBUCIÓN, ETC. |
| Lugar de publicación, distribución, etc. |
Washington, D.C. : |
| Nombre del editor, distribuidor, etc. |
Unión Panamericana, Departamento de Asuntos Culturales, División de Educación, |
| Fecha de publicación, distribución, etc. |
1952. |
| 300 ## - DESCRIPCIÓN FÍSICA |
| Extensión |
103 páginas |
| 490 0# - MENCIÓN DE SERIE |
| Mención de serie |
Serie N de educación vocacional ; |
| Designación de volumen o secuencia |
no.2 |
| 650 #4 - ASIENTO SECUNDARIO DE MATERIA - TERMINO TEMATICO |
| Término de materia o nombre geográfico como elemento de entrada |
Educación vocacional |
| Subdivisión geográfica |
Estados Unidos |
| 9 (RLIN) |
17987 |
| 710 2# - ASIENTO SECUNDARIO - NOMBRE CORPORATIVO |
| Nombre de entidad corporativa o nombre de jurisdicción como elemento de entrada |
Instituto Nacional de Pedagogía (México) |
| Término indicativo de función/relación |
propietario anterior |
| 9 (RLIN) |
28088 |
| 902 ## - ELEMENTOS DE DATOS B LOCAL, LDB (RLIN) |
| Modificó |
MaríaRobles/220824 |
| 905 ## - TIPO DE MATERIAL |
| Tipo de material |
Libro |
| 942 ## - ELEMENTOS DE PUNTO DE ACCESO ADICIONAL (KOHA) |
| Fuente del sistema de clasificación o colocación |
Library of Congress Classification |
| Tipo de ítem Koha |
Libro |
| Suprimir en OPAC |
No |